El amor a la tierra; biología 1 /
Guardado en:
| Autor Principal: | |
|---|---|
| Otros Autores: | |
| Formato: | Libro |
| Publicado: |
Buenos Aires :
Docencia,
1982
|
| Materias: | |
| Etiquetas: |
Agregar Etiqueta
Sin Etiquetas, Sea el primero en etiquetar este registro!
|
| LEADER | 00665nam a22002295a 4500 | ||
|---|---|---|---|
| 001 | CEM.cems001513 | ||
| 005 | 20060214000000.0 | ||
| 008 | 130507s1982##################000#0#####d | ||
| 003 | CEMS | ||
| 082 | 0 | 4 | |a 574 |
| 100 | 1 | |a Cañellas, Carlos O. | |
| 245 | 1 | 0 | |a El amor a la tierra; biología 1 / |
| 260 | |a Buenos Aires : |b Docencia, |c 1982 | ||
| 300 | |a 221 p. | ||
| 653 | |a Biologia | ||
| 653 | |a Biomas | ||
| 653 | |a Biomas argentinos | ||
| 653 | |a Ecologia | ||
| 653 | |a Hombre-ambientes adversos | ||
| 700 | 1 | |a Morán, Alberto E. | |
| 859 | |a CEMS |b BIB. CEMS - 11 de abril |h 574 |i C162/I |p 12816.83 |t Ej.2 | ||
| 859 | |a CEMS |b BIB. CEMS - 11 de abril |h 574 |i C162/I |p 12817.83 |t Ej.1 | ||
